Trade India.com.
| Format: | Book |
|---|---|
| Published: |
[S.I]:
Trade India,
2007.
|
| Edition: | 2007 ed. |
| Subjects: |
| LEADER | 00540cam a2200169 7i4500 | ||
|---|---|---|---|
| 001 | 0000020766 | ||
| 005 | 20080229090000.0 | ||
| 090 | 0 | 0 | |a CD 338.7025 |b TRA[INDA] |
| 245 | 0 | 0 | |a Trade India.com. |
| 250 | 0 | 0 | |a 2007 ed. |
| 260 | 0 | 0 | |a [S.I]: |b Trade India, |c 2007. |
| 300 | # | # | |a Electronic computer optical disc[CD-ROM]. |
| 650 | 0 | 0 | |a Business -- |x Directories -- |z India |
| 650 | 0 | 0 | |a Export -- |x Directories -- |z India |
| 650 | 0 | 0 | |a Import -- |x Directories -- |z India |
| 651 | 0 | 0 | |a India |
| 999 | |a CDR000667B |b CD-ROM |c AV Collection |e Business Information Centre | ||